| 000 | 00000nam##2200000za#4500 |
| 001 | 9.571854 |
| 003 | CaOODSP |
| 005 | 20210624182930 |
| 007 | cr ||||||||||| |
| 008 | 150406|2008||||xxc|||||o f|0| 0 eng|d |
| 040 | |aCaOODSP|beng |
| 043 | |an-cn--- |
| 086 | 1 |aNH18-24/22-2008E-PDF |
| 110 | 2 |aCanada Mortgage and Housing Corporation. |
| 245 | 10|aYour furnace filter |h[electronic resource] |
| 250 | |aRev. 2008 |
| 260 | |bCanada Mortgage and Housing Corporation |cc1999. |
| 300 | |a4p.|btables |
| 490 | 1 |aAbout your house |vCE22 |
| 590 | |a11-24-Supp|b2011-10-24 |
| 690 | 07|aHeating|2gcpds |
| 690 | 07|aAir quality|2gcpds |
| 775 | 08|tLe filtre de votre générateur d'air chaud |w(CaOODSP)9.602274 |
| 830 | #0|aAbout your house ;|vCE22|w(CaOODSP)9.505388 |
| 856 | 40|ahttp://publications.gc.ca|qPDF|s101 KB|uhttps://publications.gc.ca/collections/collection_2011/schl-cmhc/nh18-24/NH18-24-22-2008-eng.pdf|yCE22 |